De la España Romantica (Registro nro. 191699)
[ vista simple ]
| 000 -LEADER | |
|---|---|
| campo de control de longitud fija | 00724nam a22002051i 4500 |
| 001 - NÚMERO DE CONTROL | |
| campo de control | 191699 |
| 003 - IDENTIFICADOR DE NÚMERO DE CONTROL | |
| campo de control | SpMaBN |
| 005 - FECHA Y HORA DE LA ÚLTIMA TRANSACCIÓN | |
| campo de control | 20251120063154.0 |
| 008 - DATOS DE LONGITUD FIJA--INFORMACIÓN GENERAL | |
| campo de control de longitud fija | 221007s1952 sp 000 0 spa |
| 016 7# - NÚMERO DE CONTROL DE UNA AGENCIA BIBLIOGRÁFICA NACIONAL | |
| Número de control del registro | bimoBNE19971033489 |
| Número de control cancelado/no válido | IND9100108680 [ |
| Fuente | SpMaBN] |
| 040 ## - FUENTE DE CATALOGACIÓN | |
| Centro catalogador/agencia de origen | SpMaBN |
| Lengua de catalogación | spa |
| Centro/agencia transcriptor | A2 |
| 080 ## - NÚMERO DE LA CLASIFICACIÓN DECIMAL UNIVERSAL | |
| Número de la Clasificación Decimal Universal | 9(46)"1833/40" |
| 100 1# - ENTRADA PRINCIPAL--NOMBRE DE PERSONA | |
| Nombre de persona | Burgo, Jaime del, |
| Fechas asociadas al nombre | 1912-2005 |
| 9 (RLIN) | 32641 |
| 245 10 - MENCIÓN DEL TÍTULO | |
| Título | De la España Romantica |
| Resto del título | Ecos de la Guerra de Carlos V / |
| Mención de responsabilidad, etc. | Jaime del Burgo. |
| 260 ## - PUBLICACIÓN, DISTRIBUCIÓN, ETC. | |
| Lugar de publicación, distribución, etc. | Pamplona : |
| Nombre del editor, distribuidor, etc. | Edic. Siempre : |
| -- | [Edit. Gómez, |
| Fecha de publicación, distribución, etc. | 1952] |
| 300 ## - DESCRIPCIÓN FÍSICA | |
| Extensión | 76 pág. + 2 hoj. ; |
| Dimensiones | 17 cm. |
| 852 4# - LOCALIZACIÓN | |
| Ubicación | ES-MaACL |
| Número de control de estantería | D-7497 |
| Nota libre | Revisado y localizado enero 2024 |
| -- | Falta: recuento 1986, agosto 2022 |
| 942 ## - ELEMENTOS DE ENTRADA SECUNDARIOS (KOHA) | |
| Fuente del sistema de clasificación o colocación | Clasificación decimal universal |
| Estatus retirado | Estado de pérdida | Fuente del sistema de clasificación o colocación | Estado de daño | No para préstamo | Biblioteca de origen | Biblioteca actual | Ubicación en estantería | Fecha de adquisición | Total de préstamos | Signatura topográfica completa | Código de barras | Visto por última vez | Precio de reemplazo | Tipo de ítem Koha |
|---|---|---|---|---|---|---|---|---|---|---|---|---|---|---|
| Clasificación decimal universal | Biblioteca del Ateneo de Madrid | Biblioteca del Ateneo de Madrid | Sala Valle Inclán | 07/10/2022 | D-7497 | 901204150 | 23/02/2023 | 23/02/2023 | Libro impreso |
